Responsabilidad de la persona jurídica y compliance
Guardado en:
| Autor principal: | |
|---|---|
| Formato: | Desconocido |
| Aporte de: | Registro referencial: Solicitar el recurso aquí |
| LEADER | 00322 a2200109 4500 | ||
|---|---|---|---|
| 001 | ART_56821 | ||
| 005 | 20260410161635.0 | ||
| 008 | 260409a | ||
| 245 | 1 | 0 | |a Responsabilidad de la persona jurídica y compliance |
| 100 | 1 | |a Yacobucci, Guillermo J. | |
| 773 | 0 | |t Enfoques |g - N° 8 (ago. 2022) |w REV416 | |
| 999 | |c 12783 |d 12783 | ||